01022nam a2200277 a 450000500170000000800410001704000250005804100080008310000310009124501680012226000440029030000110033450500260034550500310037150500300040250500320043250500340046465000260049865000390052470000310056370000280059470000280062270000310065070000300068170000330071120200601131832.0200601b ||||| |||| 00| 0 spa d aCO-BoIAVHcCO-BoIAVH aspa aSoto Soto, Nohora Patricia aApoyo y fortalecimiento a la educación ambiental para la conservación, recuperación y uso sostenible de los recursos naturales en el departamento de Casanare aYopalbGobernación de Casanarec2004? a5 vols aVol. 1: Flora y fauna aVol. 2: Residuos sólidos aVol. 3: Recurso hídrico aVol. 4: Coberturas arboreas aVol. 5: Tecnologías limpias 0aEducación ambiental 0aSostenibilidadxRecursos naturales aCamacho de Alvarez, Marina aBlanco Cossio, Anderson aAlvarez Fonseca, Hermes aRojas Reina, Ruben Darío aAlarcón Torres, Ricardo aBecerra Vargas, Pedro Felipe